Top 50 Most Streamed Taylor Swift Songs - Statistics

General Stats
  • This quiz has been taken 548 times
  • The average score is 31 of 50
Answer Stats
Rank Streams Answer % Correct
3. 1,010,379,266 Shake It Off
95%
2. 1,180,488,365 Blank Space
93%
10. 688,527,661 Love Story
91%
34. 352,405,267 Love Story (Taylor's Version)
91%
5. 777,146,584 Anti-Hero
90%
6. 771,548,935 Lover
89%
18. 526,183,280 Cruel Summer
86%
4. 843,325,914 Look What You Made Me Do
85%
22. 495,761,690 You Belong With Me
85%
43. 263,149,745 You Belong With Me (Taylor's Version)
85%
12. 659,004,936 Cardigan
84%
26. 401,746,230 Bad Blood
81%
14. 621,645,985 Style
80%
37. 323,558,539 22
78%
20. 510,972,500 All Too Well (T.V.T.M.V.F.T.V)
77%
13. 652,058,642 I Knew You Were Trouble
77%
7. 722,977,051 ME! (feat. Brendon Urie of Panic! at the Disco)
77%
17. 554,617,581 We Are Never Ever Getting Back Together
75%
8. 716,342,381 Wildest Dreams
75%
31. 361,386,675 Wildest Dreams (Taylor's Version)
75%
15. 567,864,302 Willow
75%
44. 260,714,016 Karma
74%
21. 505,368,010 August
73%
23. 483,484,769 Enchanted
72%
9. 715,053,977 You Need To Calm Down
72%
28. 382,665,190 Lavender Haze
70%
24. 466,319,436 Ready For It?
68%
16. 556,739,828 Don't Blame Me
67%
11. 674,316,531 Delicate
65%
30. 368,604,921 Champagne Problems
58%
25. 456,707,091 The Man
58%
48. 253,423,539 Bejeweled
56%
33. 355,229,014 End Game (feat. Ed Sheeran and Future)
54%
1. 1,378,777,180 I Don't Wanna Live Forever
54%
36. 338,716,606 Midnight Rain
51%
35. 350,845,501 Getaway Car
50%
45. 259,823,001 Maroon
50%
40. 271,559,806 You're On Your Own, Kid
43%
38. 284,095,348 Back To December
42%
27. 394,706,592 Gorgeous
42%
42. 268,452,119 Snow On The Beach (feat. Lana Del Rey)
40%
32. 360,541,030 The 1
40%
39. 282,624,904 I Did Something Bad
36%
29. 379,350,470 Paper Rings
33%
41. 271,510,759 My Tears Ricochet
32%
50. 236,582,335 Mirrorball
25%
46. 256,235,663 Call It What You Want
22%
49. 244,639,204 Everything Has Changed (feat. Ed Sheeran)
21%
47. 255,649,538 I Forgot That You Existed
17%
19. 522,500,590 Exile (feat. Bon Iver)
3%
No matching quizzes found
Score Distribution
Percent of People with Each Score
Percentile by Number Answered
Your Score History
You have not taken this quiz